000
00319 a2200157 4500
001
73746
020
_a
8588543133
040
_c
Anchieta - Colégio São Paulo
100
_a
Lara, Alda
240
1
0
_a
Poemas
_l
por
245
1
0
_a
Poemas
300
_a
150
362
0
_a
2004
650
4
_a
Poesia brasileira
942
_c
BK
999
_c
73746
_d
73746